000 01361nam a2200241Ia 4500
999 _c36328
_d36328
001 2236
003 GE_BSU
005 20221223165308.0
008 181216s1973||||ge |||||||||||||| ||geo||
040 _cGE_BSU
041 _ageo
080 _a1 ქ–79
100 _aქსენოფონტი, დაახლოებით 430-255 ჩ.წ.ა., ავტორი.
_9748
245 _aმოგონებები სოკრატეზე - სოკრატეს აპოლოგია /
_cქსენოფონტი ; ძვ. ბერძნ. თარგმნა, შესავ. წერილი, შენიშვნები და სახელთა საძიებელი დაურთო ა. ურუშაძემ ;
264 _aთბილისი :
_bთბ. უნ-ტის გამ-ბა,
_c1973.
300 _a173 გვ.;
_b21 სმ.
653 _aძველბერძნული ფილოსოფია
653 _aსოკრატეს ფილოსოფია
700 _aურუშაძე, აკაკი
_eმთარგმნელი
_9749
700 _aთევზაძე, გიგი,
_eრედაქტორი
_9750
710 _aთბილ. უნ-ტის ბერძნულ-ლათინური ბიბ-კა.
_916558
942 _cBK
_2udc